Statistiques concernant Logos de l'équipes nationale de football

Cliquez ici pour prendre le quiz!

Statistiques générales

  • Ce quiz a été pris 35 831 fois
  • Le résultat moyen est 17 sur 20

Statistiques - réponses

Réponse% Correct
Italie
100%
Allemagne
99%
Turquie
99%
Belgique
98%
Brésil
97%
France
97%
Portugal
97%
Suède
97%
Angleterre
96%
Espagne
96%
Grèce
94%
Russie
89%
Pays-Bas
87%
Etats-Unis
82%
Uruguay
82%
Australie
79%
Pérou
74%
Équateur
64%
Viêt Nam
30%
Afrique du Sud
23%

Distribution des résultats

Percentile par nombre de réponses

% des personnes avec chaque résultat

Votre développement - résultats

Vous n’avez pas pris ce quiz